Mathematical physics (Record no. 396417)

MARC details
000 -LEADER
fixed length control field 00578 a2200217 4500
005 - DATE & TIME
control field 20260305124211.0
008 - FIXED-LENGTH DATA ELEMENTS--GENERAL INFORMATION
fixed length control field 260305b |||||||| |||| 00| 0 eng d
020 ## - ISBN
International Standard Book Number 9789352837229
Price Rs. 850.00
040 ## - CATALOGING SOURCE
Original cataloging agency VIVEKANANDA LIBRARY
082 ## - DDC NUMBER
Classification number 530.15
Book Number D262M(8)
100 ## - MAIN ENTRY--PERSONAL NAME
Personal name Dass, H K
245 ## - TITLE STATEMENT
Title Mathematical physics
250 ## - EDITION STATEMENT
Edition statement 8th
260 ## - PUBLICATION, DISTRIBUTION, ETC. (IMPRINT)
Name of publisher, distributor, etc S Chand
Date of publication, distribution, etc 2025
Place of publication, distribution, etc Noida
300 ## - PHYSICAL DESCRIPTION
Pages xxix, 1416
650 ## - Subject
Subject Physics-Mathematics
650 ## - Subject
Subject Mathematical Methods in Physics-Theoretical Physics-Mathematics
700 ## - Added Entry Personal Name
Added Entry Personal Name Verma, Rajnish
700 ## - Added Entry Personal Name
Added Entry Personal Name Verma, Rama
942 ## - ADDED ENTRY ELEMENTS (KOHA)
Koha item type Books
Holdings
Withdrawn status Lost status Source of classification or shelving scheme Damaged status Not for loan Location (home branch) Sublocation or collection (holding branch) Shelving location Date acquired Koha issues (times borrowed) Koha full call number Accession No. Koha date last seen Koha item type
    Dewey Decimal Classification     VIVEKANANDA LIBRARY VIVEKANANDA LIBRARY Vivekananda Library 18/02/2026   530.15 D262M(8) 438413 18/02/2026 Books
    Dewey Decimal Classification     VIVEKANANDA LIBRARY VIVEKANANDA LIBRARY Vivekananda Library 18/02/2026   530.15 D262M(8) 438415 18/02/2026 Books
    Dewey Decimal Classification     VIVEKANANDA LIBRARY VIVEKANANDA LIBRARY Vivekananda Library 18/02/2026   530.15 D262M(8) 438411 18/02/2026 Books
    Dewey Decimal Classification     VIVEKANANDA LIBRARY VIVEKANANDA LIBRARY Vivekananda Library 18/02/2026   530.15 D262M(8) 438412 18/02/2026 Books
    Dewey Decimal Classification     VIVEKANANDA LIBRARY VIVEKANANDA LIBRARY Vivekananda Library 18/02/2026   530.15 D262M(8) 438414 18/02/2026 Books
© Designed and Maintained by Vivekananda Library, MDU Rohtak